| 000 | 00784nam a22002297a 4500 | ||
|---|---|---|---|
| 001 | 0000002485 | ||
| 003 | PPM | ||
| 005 | 20260428120421.0 | ||
| 008 | 260428b ||||| |||| 00| 0 eng d | ||
| 020 |
_a0704531046 _qHardback |
||
| 035 | _a0000002485 | ||
| 040 |
_bEng _cPusat Penyelidikan Mineral, Jabatan Mineral Dan Geosains Malaysia _dPPM _eRDA |
||
| 082 | 0 | 0 |
_220 _a650.1 _bCAL 1988 |
| 100 | 1 |
_aCalano, Jimmy _eauthor |
|
| 245 | 1 | 0 |
_aCareertracking : The 26 Success Short Cuts To The Top / _cby Jimmy Calano, Jeff Salzmsn |
| 260 | 1 |
_aAldershot : _bWildwood House, _c1988 |
|
| 300 | 0 | 0 |
_a269 pages .: _billustrations .: _c22 cm |
| 504 | _aIncludes bibliographical references (p.: 258-265) | ||
| 650 | 1 | 0 | _aSuccess in business |
| 700 | 1 |
_aSalzman, Jeff _eauthor |
|
| 942 |
_2ddc _cBK |
||
| 999 |
_c27236 _d27236 |
||